| 000 | 00480nam a22001577a 4500 | ||
|---|---|---|---|
| 008 | 220822b |||||||| |||| 00| 0 eng d | ||
| 020 | _a0582016541 | ||
| 050 |
_aPB35 _b.L44 1991 C.1 |
||
| 100 | _aLegutke, Michael | ||
| 245 |
_aProcess and experience in the language classroom/ _cMichael Legutke |
||
| 260 |
_aNew York _bPearson Education Limited _c1991 |
||
| 300 | _axv. 332p. | ||
| 650 |
_aLanguages, modern _vStudy and teaching |
||
| 700 | _aThomas, Howard | ||
| 942 |
_2lcc _cBK |
||
| 999 |
_c19441 _d19440 |
||